<?xml version="1.0" encoding="UTF-8"?>
<marc:record xmlns:marc="http://www.loc.gov/MARC21/slim">
   <marc:leader>00000nam a2200000 a 4500</marc:leader>
   <marc:datafield ind1="1" ind2=" " tag="100">
      <marc:subfield code="a">Chantal Lauby</marc:subfield>
   </marc:datafield>
   <marc:datafield ind1="1" ind2=" " tag="100">
      <marc:subfield code="a">Mathieu Spinose</marc:subfield>
   </marc:datafield>
   <marc:datafield ind1="1" ind2=" " tag="100">
      <marc:subfield code="a">Michel Blanc</marc:subfield>
   </marc:datafield>
   <marc:datafield ind1="1" ind2=" " tag="100">
      <marc:subfield code="a">Annie Cordy</marc:subfield>
   </marc:datafield>
   <marc:datafield ind1="1" ind2=" " tag="100">
      <marc:subfield code="a">Jean-Paul Rouve</marc:subfield>
   </marc:datafield>
   <marc:datafield ind1=" " ind2=" " tag="653">
      <marc:subfield code="a">Familie</marc:subfield>
   </marc:datafield>
   <marc:datafield ind1=" " ind2=" " tag="653">
      <marc:subfield code="a">Probleme</marc:subfield>
   </marc:datafield>
   <marc:datafield ind1=" " ind2=" " tag="653">
      <marc:subfield code="a">Versteck</marc:subfield>
   </marc:datafield>
   <marc:datafield ind1=" " ind2=" " tag="653">
      <marc:subfield code="a">Suche</marc:subfield>
   </marc:datafield>
   <marc:datafield ind1="0" ind2="0" tag="245">
      <marc:subfield code="a">Zu Ende ist alles erst am Schluss</marc:subfield>
   </marc:datafield>
   <marc:datafield ind1="0" ind2="0" tag="245">
      <marc:subfield code="b">Von glücklichen Ursachen und seltenen Wirkungen</marc:subfield>
   </marc:datafield>
   <marc:datafield ind1=" " ind2="1" tag="264">
      <marc:subfield code="b">Neue Visionen Medien</marc:subfield>
      <marc:subfield code="c">2014</marc:subfield>
   </marc:datafield>
   <marc:datafield ind1="1" ind2=" " tag="520">
      <marc:subfield code="a">Romain Esnard ist jung und hat das ganze Leben noch vor sich. Sein Vater Michel ist Postbeamter, geht aber jetzt in Rente. Sein Opa ist gerade gestorben und seine geliebte Großmutter Madeleine musste jüngst ins Seniorenheim. Dort findet es Oma Madeleine aber so scheußlich, dass sie Reißaus nimmt und spurlos verschwindet. Familie Esnard gerät in Aufrur. Vater Michel, ohnhin konsterniert über den eigenen Ausstieg aus dem Arbeitsleben, kriegt einen Wutanfall nach dem nächsten. Und Romains Mutter erklärt, dass sie die Scheidung will. Eines Tages findet Romain in seinem Briefkasten eine Postkarte und darin einen kleinen Hinweis, an welchem Ort nach Madeleine zu suchen ist. Er macht sich auf den Weg in die Normadie und begegnet nicht nur einem unverhofften Tankstellenorakel, das Auskunft über die große Liebe gibt, sondern auch Erinnerungen an erste und späte Dinge im Leben.</marc:subfield>
   </marc:datafield>
   <marc:datafield ind1=" " ind2=" " tag="020">
      <marc:subfield code="a">4047179791786</marc:subfield>
      <marc:subfield code="9">4047179791786</marc:subfield>
   </marc:datafield>
   <marc:datafield ind1="0" ind2=" " tag="490">
      <marc:subfield code="v">0</marc:subfield>
   </marc:datafield>
   <marc:datafield ind1=" " ind2=" " tag="300">
      <marc:subfield code="a">1 DVD ( Ländercode 2, 90 Min. ) : farbig, mit Ton</marc:subfield>
   </marc:datafield>
</marc:record>
